000 00820pam a2200265 a 4500
001 4277779
003 OSt
005 20220301152154.0
008 850617s1986 maua b 001 0 eng
010 _a 85012993
020 _a0316112356
040 _aDLC
_cDLC
_dDLC
050 0 0 _aHB172
_b.B864 1986
082 0 0 _a338.5
_219
100 1 _aBrowning, Edgar K.
245 1 0 _aMicroeconomic theory and applications /
_cEdgar K. Browning, Jacquelene M. Browning.
250 _a2nd ed.
260 _aBoston :
_bLittle, Brown,
_cc1986.
300 _axviii, 637 p. :
_bill. ;
_c25 cm.
504 _aIncludes bibliographies and index.
650 0 _aMicroeconomics.
700 1 _aBrowning, Jacquelene M.
906 _a7
_bcbc
_corignew
_d1
_eocip
_f19
_gy-gencatlg
942 _2lcc
_cBOOKS
_hHB172 .B864 1986
999 _c31272
_d31272